| 000 | 00860nam a22002177a 4500 | ||
|---|---|---|---|
| 999 |
_c13789 _d13789 |
||
| 003 | AR-CdUCM | ||
| 008 | 190416b ||||| |||| 00| 0 spa d | ||
| 040 |
_aMUNICIPALIDAD PROVINCIAL DEL CUSCO _cBIBLIOTECA MUNICIPAL DEL CUSCO |
||
| 082 |
_a985.082 / _bZ82 / 1976 |
||
| 100 |
_aZitor _932348 |
||
| 245 | _aHistoria de las principales huelgas y paros obreros habidos en el Perú, 1896-1946 / | ||
| 260 |
_aLima : _c1976. |
||
| 300 |
_a74 páginas ; _c34 cm. |
||
| 505 | _aContenido: Historia de las huelgas obreras en el Perú -- Luchas sociales hasta fines del siglo XIX -- El movimiento huelguistico en la primera década del siglo XX -- Huelga de los textileros de Vitarte ... | ||
| 650 |
_aHuelgas y paros _932220 |
||
| 650 |
_aObreros _912481 |
||
| 650 |
_aHistoria. _9136 |
||
| 650 |
_aPerú. _935 |
||
| 942 |
_2ddc _cLIBROS |
||
| 945 |
_aacv _d2019-04-16 |
||